Famous People from New Hampshire - Statistics

General Stats
  • This quiz has been taken 40 times
  • The average score is 3 of 16
Answer Stats
Picture Answer % Correct
Adam Sandler
88%
Sarah Silverman
44%
Seth Meyers
34%
Mandy Moore
31%
Triple H
31%
Chris Sununu
25%
Chip Kelly
16%
Dan Brown
13%
Samantha Brown
9%
Heather Wilson
6%
Kelly Ayotte
6%
Ludwig Ahgren
6%
Matt Czuchry
6%
Eliza Coupe
3%
Joyce Maynard
3%
Trish Regan
3%
No matching quizzes found
Score Distribution
Percent of People with Each Score
Percentile by Number Answered
Your Score History
You have not taken this quiz